Vainqueurs en UCI World Tour en 2025 - Statistiques

Statistiques générales
  • Ce quiz a été pris 107 fois
    70 depuis la dernière actualisation
  • Le résultat moyen est 57 sur 80
Statistiques - réponses
Coureur % Correct
Tadej Pogačar
100%
João Almeida
95%
Jonathan Milan
95%
Juan Ayuso
95%
Lenny Martinez
95%
Mads Pedersen
95%
Mathieu van der Poel
95%
Simon Yates
95%
Tim Merlier
95%
Ben Healy
93%
Jasper Philipsen
93%
Primož Roglič
93%
Remco Evenepoel
93%
Richard Carapaz
93%
Valentin Paret-Peintre
93%
Wout van Aert
93%
Filippo Ganna
90%
Jhonatan Narváez
90%
Jonas Abrahamsen
90%
Isaac Del Toro
88%
Jonas Vingegaard
88%
Kaden Groves
88%
Paul Magnier
88%
Thymen Arensman
88%
David Gaudu
85%
Jay Vine
85%
Julian Alaphilippe
85%
Matthew Brennan
85%
Mattias Skjelmose
83%
Team Visma | Lease a Bike
83%
Tim Wellens
83%
Arnaud De Lie
80%
Egan Bernal
80%
Joshua Tarling
80%
Mauro Schmid
80%
Ben O'Connor
78%
Giulio Ciccone
78%
Neilson Powless
78%
Oscar Onley
78%
Romain Grégoire
78%
UAE Team Emirates - XRG
78%
Brandon McNulty
76%
Olav Kooij
76%
Quinn Simmons
76%
Nicolas Prodhomme
73%
Marc Soler
68%
Michael Storer
68%
Christian Scaroni
63%
Jordi Meeus
63%
Sam Welsford
63%
Sebastián Molano
63%
Alex Aranburu
61%
Iván Romeo
61%
Victor Langellotti
61%
Andrea Vendrame
59%
Paul Lapeira
59%
Søren Wærenskjold
59%
Ben Turner
56%
Magnus Sheffield
56%
Michael Matthews
56%
Bryan Coquard
54%
Carlos Verona
54%
Giulio Pellizzari
54%
Maximilian Schachmann
54%
Casper van Uden
51%
Daan Hoole
51%
Kasper Asgreen
51%
Samuel Watson
51%
Ethan Vernon
49%
Javier Romo
49%
Nico Denz
46%
Caleb Ewan
44%
Jake Stewart
44%
Lucas Plapp
41%
Paul Double
41%
Lorenzo Fortunato
39%
Chris Harper
37%
Fredrik Dversnes
34%
Rory Townsend
34%
Vincenzo Albanese
32%
Aucun quiz correspondant
Distribution des résultats
% des personnes avec chaque résultat
Percentile par nombre de réponses
Votre historique - résultats
Vous n’avez pas pris ce quiz depuis la dernière actualisation